Welcome to CU Library Online Public Access Catalogue (OPAC)

Made to Stick: (Record no. 4890)

MARC details
000 -LEADER
fixed length control field 00513nam a22001817a 4500
005 - DATE AND TIME OF LATEST TRANSACTION
control field 20250317163459.0
008 - FIXED-LENGTH DATA ELEMENTS--GENERAL INFORMATION
fixed length control field 250317b |||||||| |||| 00| 0 eng d
020 ## - INTERNATIONAL STANDARD BOOK NUMBER
International Standard Book Number 9780099505693
050 ## - LIBRARY OF CONGRESS CALL NUMBER
Classification number HM1033
Item number .H43 HEA
100 ## - MAIN ENTRY--PERSONAL NAME
Personal name Heath Chip
245 ## - TITLE STATEMENT
Title Made to Stick:
Remainder of title Why some ideas take hold and others come unstruck/
Statement of responsibility, etc. Chip Heath & Dan Heath
260 ## - PUBLICATION, DISTRIBUTION, ETC.
Place of publication, distribution, etc. London
Name of publisher, distributor, etc. Arrow Books
Date of publication, distribution, etc. 2007
300 ## - PHYSICAL DESCRIPTION
Extent 323p.
Dimensions 14 cm
500 ## - GENERAL NOTE
General note Includes Index
650 ## - SUBJECT ADDED ENTRY--TOPICAL TERM
Source of heading or term Sociology
700 ## - ADDED ENTRY--PERSONAL NAME
Personal name Heath Dan
942 ## - ADDED ENTRY ELEMENTS (KOHA)
Source of classification or shelving scheme Library of Congress Classification
Koha item type Books
Suppress in OPAC No
999 ## -
-- 4890
-- 4890
Holdings
Withdrawn status Lost status Source of classification or shelving scheme Damaged status Not for loan Collection Home library Current library Shelving location Date acquired Total checkouts Full call number Barcode Date last seen Copy number Price effective from Koha item type
    Library of Congress Classification     Non-fiction Business Library (Miotso) Business Library (Miotso) General stacks 03/17/2025   HM1033 .H43 HEA BSSM00001420 03/17/2025 1 03/17/2025 Books
© 2023-2024 Copyright: Central University Libraries. All Rights Reserved | Created by: Mahone Tech Office